The noble scholar, jurist, historian


 His Excellency Dr. Abdul Wahhab bin Ibrahim Abu Sulaiman, may Allah have mercy on him.


 He was born in Umm Al-Qura in the year 1356 AH.

المواهب السنية / (Record no. 14370)

MARC details
000 -LEADER
fixed length control field 01397cam a2200265 i 4500
003 - CONTROL NUMBER IDENTIFIER
control field SA-RiAUC
005 - DATE AND TIME OF LATEST TRANSACTION
control field 20260217135854.0
008 - FIXED-LENGTH DATA ELEMENTS--GENERAL INFORMATION
fixed length control field 260212q19401949su g 000r0 ara c
040 ## - CATALOGING SOURCE
Original cataloging agency SA-JeALM
Language of cataloging ara
Transcribing agency SA-RiAUC
Description conventions rda
082 04 - DEWEY DECIMAL CLASSIFICATION NUMBER
Classification number 258.3
090 ## - LOCALLY ASSIGNED LC-TYPE CALL NUMBER (OCLC); LOCAL CALL NUMBER (RLIN)
Classification number (OCLC) (R) ; Classification number, CALL (RLIN) (NR) م ن 258.3
Local cutter number (OCLC) ; Book number/undivided call number, CALL (RLIN) ج ر هـ
100 1# - MAIN ENTRY--PERSONAL NAME
Personal name الجوهري، عبد الله بن سليمان الجرهزي،
Dates associated with a name توفي 1201 هجري
Relator term مؤلف.
245 12 - TITLE STATEMENT
Title المواهب السنية /
Statement of responsibility, etc. عبد الله بن سليمان الجرهزي. معه، شرح الفرائد البهية نظم القواعد الفقهية / أبو بكر الأهدل اليمني الشافعي.
264 #1 - PRODUCTION, PUBLICATION, DISTRIBUTION, MANUFACTURE, AND COPYRIGHT NOTICE
Place of production, publication, distribution, manufacture مكة المكرمة :
Name of producer, publisher, distributor, manufacturer المطبعة الماجدية،
Date of production, publication, distribution, manufacture, or copyright notice [1352 هـ]
264 #3 - PRODUCTION, PUBLICATION, DISTRIBUTION, MANUFACTURE, AND COPYRIGHT NOTICE
Place of production, publication, distribution, manufacture مكة المكرمة :
Name of producer, publisher, distributor, manufacturer المطبعة الماجدية
300 ## - PHYSICAL DESCRIPTION
Extent 124 صفحة ؛
Dimensions 29 سم.
336 ## - CONTENT TYPE
Content type term نص
Content type code txt
Source rdacontent
Materials specified كتاب
337 ## - MEDIA TYPE
Media type term بدون وسيط
Media type code n
Source rdamedia
650 #7 - SUBJECT ADDED ENTRY--TOPICAL TERM
Topical term or geographic name entry element الفقه الشافعي
Source of heading or term aucsh
700 12 - ADDED ENTRY--PERSONAL NAME
Personal name الأهدل، حسين بن عبد الرحمن بن محمد،
Dates associated with a name 789-855 هجري.
Title of a work شرح الفرائد البهية نظم القواعد الفقهية.
740 02 - ADDED ENTRY--UNCONTROLLED RELATED/ANALYTICAL TITLE
Uncontrolled related/analytical title شرح الفرائد البهية نظم القواعد الفقهية.
740 2# - ADDED ENTRY--UNCONTROLLED RELATED/ANALYTICAL TITLE
Uncontrolled related/analytical title الفرائد البهية نظم القواعد الفقهية.
942 ## - ADDED ENTRY ELEMENTS (KOHA)
Source of classification or shelving scheme Dewey Decimal Classification
Koha item type كتاب مصور نادر
Suppress in OPAC No
949 ## - LOCAL PROCESSING INFORMATION (OCLC)
a SA-JeALM
d 260212
u osman123
n 1
Holdings
Withdrawn status Lost status Source of classification or shelving scheme Damaged status Not for loan Home library Current library Date acquired Total checkouts Full call number Barcode Date last seen Price effective from Koha item type
    Dewey Decimal Classification     DR AbdElwahab Library DR AbdElwahab Library 02/17/2026   م ن 258.3 ج ر هـ 000022787 02/17/2026 02/17/2026 كتاب مصور نادر